000 00597nam a22001937a 4500
005 20180316124036.0
010 _aENG-122314
020 _a9789380828077
_c295.00
035 _aEN-105846
037 _bDBAD/PUB
082 _a616.238
100 _aBerkowitz,Jonathan M
245 _aSay No to Asthma /
_cJonathan M Berkowitz
260 _aNew Delhi
_bVitasta Publishing Pvt Ltd
_c2016
270 _a2/15, Ansari Road daryaganj,
_bNew Delhi
_e110002
_minfo@vitastapublishing.com
300 _a250p.
_c21cm(pbk)
500 _aInclude Index
942 _2ddc
_cEN
_h616.238
_mBER
999 _c150296
_d150296